000 00536nam a2200193Ia 4500
005 20250423100154.0
008 250422s9999 xx 000 0 und d
020 _a9780323036900
050 _aRT 41 .L49/
100 _aSharon L. Lewis...et al.
245 0 _aMedical-Surgical Nursing : assessment and management of clinical problems
250 _a7th ed.
260 _aMissouri
260 _bElsevier
260 _c2007
300 _a1867 p
650 _aNursing Care. Nursing Assessment. Perioperative Nursing.
942 _cBK
999 _c32499
_d32499